October contracts drop by 5% (Record no. 83592)
[ view plain ]
| 000 -LEADER | |
|---|---|
| fixed length control field | 00961cab a22002175a 4500 |
| 001 - CONTROL NUMBER | |
| control field | L154361 |
| 008 - FIXED-LENGTH DATA ELEMENTS--GENERAL INFORMATION | |
| fixed length control field | 111118e20111118xxk 000 0 eng d |
| 035 ## - SYSTEM CONTROL NUMBER | |
| System control number | (Sirsi) u154361 |
| 041 0# - LANGUAGE CODE | |
| Language code of text/sound track or separate title | eng |
| 100 1# - MAIN ENTRY--PERSONAL NAME | |
| Personal name | Seales, Rebecca |
| 245 00 - TITLE STATEMENT | |
| Title | October contracts drop by 5% |
| Remainder of title | business barometer |
| 260 ## - PUBLICATION, DISTRIBUTION, ETC. | |
| Date of publication, distribution, etc. | 2011 |
| 490 ## - SERIES STATEMENT | |
| Series statement | Building |
| Volume/sequential designation | 276 (8704) 18 November 2011, 18-19(2) |
| 520 ## - SUMMARY, ETC. | |
| Summary, etc. | Overview; tables of top contractors including and excluding civils for October 2011; yearly work won including and excluding civils September 2010-October 2011; top architects and top quantity surveyors September 2010 to October 2011 using information from Barbour ABI. Looks at construction output, the accelerating decline in contract awards, and office construction affected by eurozone crisis. |
| 590 ## - LOCAL NOTE (RLIN) | |
| Local note | KA |
| 651 #4 - SUBJECT ADDED ENTRY--GEOGRAPHIC NAME | |
| Geographic name | United Kingdom |
| Chronological subdivision | |
| 690 ## - LOCAL SUBJECT ADDED ENTRY--TOPICAL TERM (OCLC, RLIN) | |
| Topical term or geographic name as entry element | BUILT ENVIRONMENT-CONSTRUCTION MARKET |
| 700 1# - ADDED ENTRY--PERSONAL NAME | |
| Personal name | Green, Brian |
| 700 1# - ADDED ENTRY--PERSONAL NAME | |
| Personal name | Forrest, Kelly |
| 942 ## - ADDED ENTRY ELEMENTS (KOHA) | |
| Suppress in OPAC | 0 |
| Withdrawn status | Lost status | Source of classification or shelving scheme | Damaged status | Not for loan | Home library | Current library | Shelving location | Date acquired | Total Checkouts | Full call number | Barcode | Date last seen | Copy number | Price effective from | Koha item type |
|---|---|---|---|---|---|---|---|---|---|---|---|---|---|---|---|
| Dewey Decimal Classification | London | London | Journal article | 18/11/2011 | L154361 | 154361-1001 | 06/08/2019 | 1 | 06/08/2019 | Journal article |